Días de feria /

Guardado en:
Detalles Bibliográficos
Autor principal: Schneider, Luis Mario (autor)
Otros autores: Ruy Sánchez, Alberto (autor) (autor), Aguilar, Gerardo (fotógrafo) (fotógrafo)
Formato: Libro
Idioma:Español
Publicado: México : Cremi Grupo Financiero, 1992, c1992
Etiquetas: Agrega una etiqueta
Sin etiquetas, Sé el primero en etiquetar este registro!

MARC

LEADER 00000nam^a2200000^a^4500
001 000583416
005 20250526000000.0
009 20260310132649.2
020 |a 968-6410-03-1 
037 |a Acervo ITESO - Biblioteca 
041 |a ESP 
091 |a FCO. 00328 
100 |a Schneider, Luis Mario  |e (autor) 
245 1 0 |a Días de feria / 
264 4 |a México :  |b Cremi Grupo Financiero,  |c 1992, c1992 
300 |a 151 p. ;  |c 30.5 cm. 
336 |a texto  |b txt  |2 rdacontenido 
337 |a sin mediación  |b n  |2 rdamedio 
338 |a volumen  |b nc  |2 rdasoporte 
649 |a XX 
700 |a Ruy Sánchez, Alberto  |e (autor) 
700 |a Aguilar, Gerardo  |e (fotógrafo) 
910 |a Fondo Erich Coufal Kieswetter 
920 |a Impresos - Libros 
930 |a Libros Antiguos y Raros 
905 |a 142 
901 |a 0500411909  |b IT2  |c LRA  |i D  |u 20250526 
902 |a https://opac.biblio.iteso.mx/vufind/Record/000583416